Viticulture / (Record no. 113658)

MARC details
000 -LEADER
campo de control de longitud fija 00545nam a2200205 4500
001 - NÚMERO DE CONTROL
campo de control 113658
003 - IDENTIFICADOR DE NÚMERO DE CONTROL
campo de control ES-MaACL
005 - FECHA Y HORA DE LA ÚLTIMA TRANSACCIÓN
campo de control 20260210162438.0
007 - CAMPO FIJO DE DESCRIPCIÓN FÍSICA--INFORMACIÓN GENERAL
campo de control de longitud fija t|
008 - DATOS DE LONGITUD FIJA--INFORMACIÓN GENERAL
campo de control de longitud fija 061121s1929 fr r ||||1| fre d
100 1# - ENTRADA PRINCIPAL--NOMBRE DE PERSONA
Nombre de persona Pacottet, Paul.
9 (RLIN) 88163
245 10 - MENCIÓN DEL TÍTULO
Título Viticulture /
Mención de responsabilidad, etc. par Paul Pacottet.
250 ## - MENCION DE EDICION
Mención de edición 5e èd.
260 ## - PUBLICACIÓN, DISTRIBUCIÓN, ETC.
Lugar de publicación, distribución, etc. Paris :
Nombre del editor, distribuidor, etc. Corbeil,
Fecha de publicación, distribución, etc. 1929.
300 ## - DESCRIPCIÓN FÍSICA
Extensión 554 p. ;
Dimensiones 19 cm.
490 1# - MENCIÓN DE SERIE
Mención de serie Encyclopedie agricole
830 0# - PUNTO DE ACCESO ADICIONAL DE SERIE-TÍTULO UNIFORME
Título uniforme Encyclopédie agricole
9 (RLIN) 180885
852 ## - LOCALIZACIÓN
Ubicación ES-MaACL
Número de control de estantería F-15059
Sublocalización o colección R.18366
Holdings
Estatus retirado Estado de pérdida Estado de daño No para préstamo Biblioteca de origen Biblioteca actual Ubicación en estantería Fecha de adquisición Fuente de adquisición Total de préstamos Signatura topográfica completa Código de barras Visto por última vez Precio de reemplazo Tipo de ítem Koha
        Biblioteca del Ateneo de Madrid Biblioteca del Ateneo de Madrid Sala Pecera Planta 2 17/01/2008     F-15059 1118537 23/02/2023 23/02/2023 Libro impreso